000 00393pab a2200157 454500
008 180718b2008 xxu||||| |||| 00| 0 eng d
100 _aChanna, Subhadra Nutra
245 _aTribe: the concept and its relevance in post-modern world
260 _c2008
300 _ap.461-71.
362 _aOct-Dec
650 _aTribes
773 _aEastern Anthropologist
908 _aN
909 _a82228
999 _c82228
_d82228